Lo obvio y lo obtuso: imágenes, gestos, voces

Salvato in:
Dettagli Bibliografici
Autore principale: Barthes, Roland (Autore)
Natura: Libro
Lingua:spagnolo
Pubblicazione: Barcelona Paidós 2009
Edizione:1a. ed
Serie:Biblioteca Roland Barthes, 2
Soggetti:
Tags: Aggiungi Tag
Nessun Tag, puoi essere il primo ad aggiungerne!!

MARC

LEADER 00000cam a2200000 a 4500
001 UCD2973
003 CL-VaPUC
008 160520e20090000sp |||||||||||||||||spa|d
020 |a 9788449322327 
082 0 4 |a 302.2  |b BAR  |2 21 
100 |a Barthes, Roland  |e author  |9 265510 
245 1 3 |a Lo obvio y lo obtuso: imágenes, gestos, voces 
250 |a 1a. ed 
300 |a 446 p 
942 |c BK 
945 |d 20160520 11:34:00  |a dcastane 
260 |a Barcelona  |b Paidós  |c 2009 
650 0 |a Semiótica  |9 265317 
650 0 |a Comunicación   |9 257251 
583 |a last modification  |c 20160520 11:34:00  |k Rodrigo Vera 
490 0 |a Biblioteca Roland Barthes, 2 
999 |c 364082  |d 364080 
952 |0 0  |1 0  |3 erb  |4 0  |6 302_200000000000000_BAR_2009  |7 0  |8 A  |9 476994  |a FDOPOS  |b FDOPOS  |i 5287472  |o 302.2 BAR 2009  |p 5287472  |r 2025-01-22  |w 2019-11-24  |y BK  |z Catalogado en:20160520  |k MLH